000 00283nam a2200145Ia 4500
100 _aVince/John
942 _cBK
366 _f20
245 _aVirtual Reality system
260 _bPearson
_c1995
082 _bVIN
300 _a384
546 _aENGLISH
_cComputers
999 _c30894
_d30894